Pevný měnový kurs? Ne! Měnové uspořádání po rozdělení federace.

Ekonomická reforma a vonkajšie šoky majú v ČR a v SR opdlišný dopad. V podmienkach nízkej mobility výrobných faktorov a nerozvinutej regionálnej politiky neexistuje nijaký adaptačný mechanizmus, ktorý by týmto vplyvom adekvátne čelil. Možnosti eliminácie rôznych nepriaznivých dopadov. Významná úloha...

ver descrição completa

Na minha lista:
Detalhes bibliográficos
Autor principal: Čapek, A.
Formato: Capítulo de Livro
Idioma:tcheco
Assuntos:
Tags: Adicionar Tag
Sem tags, seja o primeiro a adicionar uma tag!

MARC

LEADER 00000naa a2200000 4500
001 r010334
005 20220831083936.3
041 0 |a cze 
044 |a [CS] 
245 1 0 |a Pevný měnový kurs? Ne!  |b Měnové uspořádání po rozdělení federace.  |c A. Čapek 
520 |a Ekonomická reforma a vonkajšie šoky majú v ČR a v SR opdlišný dopad. V podmienkach nízkej mobility výrobných faktorov a nerozvinutej regionálnej politiky neexistuje nijaký adaptačný mechanizmus, ktorý by týmto vplyvom adekvátne čelil. Možnosti eliminácie rôznych nepriaznivých dopadov. Významná úloha menového usporiadania. Pevný kurz medzi českou a slovenskou korunou by mohol mať destabilizujúci vplyv na obidve ekonomiky. 
610 2 0 |a kurz menový 
610 2 0 |a mena 
610 2 0 |a Čechy 
610 2 0 |a Slovensko 
610 2 0 |a reformy hospodárske 
610 2 0 |a konvertibilita 
100 1 |a Čapek, A.